Tekst piosenki ''Jolka, Jolka, pamiętasz...'' - Statystyki

Ogólne statystyki
  • Ten quiz został rozwiązany 439 razy
  • Średni wynik to 28 z 36
Statystyki odpowiedzi
Tekst: Brakujące Słowa: % Poprawnych
Jolka, Jolka, pamiętasz ... ze snu Lato
97%
Nie ... tu samej, o nie" Zostawiaj
94%
... spało za ścianą czujne jak ptak Dziecko
91%
Następne będzie może za ... lat Sto
91%
Następne będzie może za ... lat Sto
91%
Urwij się choćby ..., coś ze mną zrób Zaraz
91%
... rzęził ostatkiem sił Silnik
90%
Gdy ... : "Tak mi źle Pisałaś
89%
Dane nam było słońca ... Zaćmienie
89%
Dane nam było słońca ... Zaćmienie
89%
... z objęć Twych nad ranem Emigrowałem
87%
... z objęć Twych nad ranem Emigrowałem
87%
Nigdy ... był już sobą, o ... Nie
87%
Dzień mnie wyganiał - ... znów wracałem Nocą
87%
Dzień mnie wyganiał - ... znów wracałem Nocą
87%
Żebrząc wciąż o ..., gnałem przez noc Benzynę
85%
Powiedziałaś, że ..., że ... aż tak Nigdy
84%
Plażą szły ..., a słońce w dół Zakonnice
82%
Z autobusem ... zdradziła go Arabów
80%
Na Toyotę przepiękną, aż ... Strach
80%
Czemu zgasło, też nie wie ... Nikt
79%
Wszystko było tak ... w te dni Proste
79%
Ale nic nie jest ... w te dni Proste
79%
Wciąż spadało, nie ... spaść Mogąc
78%
Wypełzaliśmy na ... ląd Suchy
78%
Niechaj Bóg ... mu sny! Wyprostuje
78%
Czarodziejka ... tańczyła w nas Gorzałka
73%
... miał kiedyś jak sen Narzeczoną
72%
Słodkie były jak ... Twoje łzy Krew
70%
Mąż Twój wielbił ... i pełne szkło Porządek
67%
Aby być znowu w Tobie, śmiać się i ... Kląć
64%
W wielkiej żyliśmy ... i rzadko tak Wannie
63%
... była o dwa kroki stąd Meta
59%
Są wciąż ... koło mnie, nie budzę się sam Różne
51%
Nie wiem ... dlaczego zaczęło się tak Ciągle
48%
Mąż tam w ... za funtem, odkładał funt Świecie
48%
Nie znaleziono quizów pasujących do podanych kryteriów
Rozkład punktacji
Procent ludzi z każdym wynikiem
Percentyl według liczby udzielonych odpowiedzi
Twoja historia wyników
Nie rozwiązałeś tego quizu